Organic Residuals for Mine Reclamation, An Overview of Progress

Guardat en:
Dades bibliogràfiques
Altres autors: Green Manitoba, YouTube
Format: Llibre
Idioma:anglès
Matèries:
Accés en línia:Organic Residuals for Mine Reclamation, An Overview of Progress
Etiquetes: Afegir etiqueta
Sense etiquetes, Sigues el primer a etiquetar aquest registre!

MARC

LEADER 00000nam a22000004a 4500
001 vpro14099
005 20201223000000.0
008 181003s2018 ck # g## #001 0#eng#d
020
022
040 |a CO-BoINGC 
041 0 |a eng 
245 1 0 |a Organic Residuals for Mine Reclamation, An Overview of Progress 
246 |a Residuos orgǹicos para recuperacin̤ de minas: una visin̤ general de progreso 
264 |a Bogot ̀(Colombia) :  |b Revista VirtualPRO,  |c 2018 
520 3
650 \ \ |a Industria minera 
650 \ \ |a Mining industry and finance 
650 \ \ |a minera̕ 
650 \ \ |a medio ambiente 
650 \ \ |a impacto ambiental 
650 \ \ |a mining 
650 \ \ |a environment 
650 \ \ |a environmental impact  
700 \ \ |a Green Manitoba  
700 \ \ |a YouTube 
856 |z Organic Residuals for Mine Reclamation, An Overview of Progress  |u https://virtualpro.unach.elogim.com/biblioteca/residuos-organicos-para-recuperacion-de-minas-una-vision-general-de-progreso